Digidetox. Ako dosiahnuť digitálny minimalizmus /

Guardado en:
Detalles Bibliográficos
Autor principal: Krejčí, Matej (Autor)
Formato: Libro
Lenguaje:eslovaco
Publicado: Slovensko, Ikar, 2021
Materias:
Etiquetas: Agregar Etiqueta
Sin Etiquetas, Sea el primero en etiquetar este registro!

MARC

LEADER 00000nam a22000003a 4500
001 0116928
003 SK-STU
005 20250903090412.5
007 ta
008 250903s ----xo-----e------000-0-----d
020 |a 978-80-551-7685-7 
040 |a STU  |b slo 
041 0 |a slo 
044 |a xo 
080 |a 159.9/Kr 
100 1 |a Krejčí, Matej  |4 aut 
245 1 0 |a Digidetox.   |b Ako dosiahnuť digitálny minimalizmus /  |c aut. Matej Krejčí 
260 |a Slovensko,  |b Ikar,  |c 2021 
300 |a 217 s. 
650 0 7 |a digitálne technológie 
650 0 7 |a organizovanie času 
650 0 7 |a digitálna doba 
996 |b 284M089717  |c M* 14894-1  |l MMST  |s A  |a 24  |w 0116928_0001 
996 |b 284M089718  |c M* 14894-2  |l MMST  |s A  |a 24  |w 0116928_0002